MDQL
is popping MORE tags! Check the
thread
!
Quizzes
Events
Quiz Creation
Community
Videos
Private Events
Remove Ads
Sign In
Join for FREE
Feedback
Dark Mode
Quiz Categories
Sports
Geography
Music
Movies
Television
Just For Fun
Miscellaneous
History
Literature
Language
Science
Gaming
Entertainment
Religion
Holiday
For Kids
Quiz Lab
Recent
Popular Today
Quiz Kudos Today
Editor Picks
Curator Picks
Quizzes by...
Day
Popularity
Type
Ratings
Length
Year
Community
Subscriptions
Recent Discussions
Orange Saloon
Badges
Playlists
Quests
Create
Leaderboards
Showdown
Live 5
Trivia Bingo
Activity
Puzzle Library
Sporcle Events
Private Events
Virtual Trivia
Globe League
Become a Host
Pub Owners
SporcleCon
Opinionation
Our Games
Videos
Blog
Mobile Apps
Partnerships
Remove Ads and Go Orange
Feedback
Television
TV Characters
TV Show
Sitcom
Network
Friends
Reality Shows
Cast
South Park
Star Trek
The Simpsons
Doctor Who
Television
TV Characters
TV Show
Sitcom
Network
Friends
Reality Shows
Cast
South Park
Star Trek
The Simpsons
Doctor Who
Random Quiz
Search Sporcle
×
Quiz Lab
Quiz Lab
Television
Version
Type in answers that appear in a list
Type in answers that appear in a list
Classic
Best Score? Go Orange.
Survivors From the First 12 Seasons Stats
Can you name the Survivors from Seasons 1-12?
By
JoeyJoeJoe
15m
182 Questions
106 Plays
106 Plays
106 Plays
Comments
Comments
Give Quiz Kudos
Give Quiz Kudos
-
- Ratings
hide this ad
More Info
Replay
Link that replays current quiz
Next Quiz
Link to next quiz in quiz playlist
You Got
0%
They Got
Avg Score
72%
Avg Friend Score
Upgrade to see
Score Distribution
Jump to the score distribution portion of the page
Score
0/182
Timer
15:00
0
Plays Today
% Correct
Richard Hatch
98.1%
Rob Mariano
97.2%
Rob Cesternino
97.2%
Rudy Boesch
94.3%
Sue Hawk
94.3%
Colby Donaldson
94.3%
Kel Gleason
94.3%
Tom Buchanan
94.3%
Tom Westman
94.3%
Kelly Wigglesworth
93.4%
Tina Wesson
93.4%
Kelly Goldsmith
93.4%
Rupert Boneham
93.4%
Amber Brkich
92.5%
Jenna Lewis
91.5%
Jerri Manthey
91.5%
Jenna Morasca
91.5%
Dan Barry
91.5%
Jenn Lyon
90.6%
Bobby Mason
89.6%
Sean Kenniff
88.7%
Jeff Varner
88.7%
Ethan Zohn
88.7%
Sean Rector
88.7%
Jon 'Jonny Fairplay' Dalton
88.7%
Jeff Wilson
88.7%
Colleen Haskell
87.7%
Mike Skupin
87.7%
Brian Heidik
87.7%
Sandra Diaz-Twine
87.7%
Chris Daugherty
87.7%
Brian Corrigan
87.7%
Kim Johnson
86.8%
Kim Powers
86.8%
John Carroll
86.8%
John Raymond
86.8%
Matthew Von Ertfelda
86.8%
Daniel Lue
86.8%
John Kenney
86.8%
Katie Gallagher
86.8%
Kimberly Mullen
86.8%
Greg Buis
85.8%
Vecepia Towery
85.8%
Gervase Peterson
84.9%
Elisabeth Filarski
84.9%
Lex Van Den Burgh
84.9%
Kathy Vavrick-O'Brien
84.9%
Ian Rosenberger
84.9%
Keith Famie
84%
Nick Brown
84%
Nick Stanbury
84%
Alicia Calaway
83%
Eliza Orlins
83%
Jan Gentry
82.1%
Danni Boatwright
82.1%
Danielle DiLorenzo
82.1%
Sonja Christopher
81.1%
Neleh Dennis
81.1%
Clay Jordan
81.1%
Heidi Stroebel
81.1%
Stephenie LaGrossa
81.1%
% Correct
Bobby Jon Drinkard
81.1%
Rodger Bingham
80.2%
James Miller
80.2%
Cirie Fields
80.2%
BB Andersen
79.2%
Ryan Aiken
79.2%
Lillian 'Lill' Morris
79.2%
Ryan Opray
79.2%
Ryan Shoulders
79.2%
Twila Tanner
78.3%
Aras Baskauskas
78.3%
Paschal English
77.4%
Ami Cusick
77.4%
Terry Deitz
77.4%
Kimmi Kappenberg
76.4%
Burton Roberts
76.4%
Christy Smith
75.5%
Dave Rogers
75.5%
Gretchen Cordy
74.5%
Frank Garrison
74.5%
Shane Powers
74.5%
Butch Lockley
73.6%
Alex Bell
73.6%
Jonathan Libby
73.6%
Rafe Judkins
73.6%
Mitchell Olson
72.6%
Debb Eaton
72.6%
Ted Rogers
72.6%
Shii-Ann Huang
72.6%
Scout Cloud Lee
72.6%
Lea 'Sarge' Masters
72.6%
Dirk Been
71.7%
Stacy Stillman
71.7%
Roger Sexton
71.7%
Darrah Johnson
71.7%
Andrew Savage
71.7%
Shawn Cohen
71.7%
Julie Berry
71.7%
Brandon Quinton
70.8%
Joel Klug
70.8%
Christa Hastie
70.8%
Gregg Carey
70.8%
Janu Tornell
70.8%
Brandon Bellinger
70.8%
Courtney Marit
70.8%
Maralyn 'Mad Dog' Hershey
69.8%
Deena Bennett
69.8%
Judd Sergeant
69.8%
Helen Glover
68.9%
Robb Zbacnik
68.9%
Sarah Jones
67.9%
Osten Taylor
67.9%
Caryn Groedel
67%
Wanda Shirk
67%
Jim Lynch
67%
Austin Carty
67%
Ramona Gray
66%
Jake Billingsley
66%
Coby Archa
66%
Lydia Morales
66%
Gary Hogeboom
66%
% Correct
Jamie Newton
66%
Bruce Kanegai
65.1%
Teresa Cooper
64.2%
Robert DiCanio
64.2%
Michelle Tesauro
64.2%
Nicole Delma
64.2%
Cindy Smith
64.2%
Sally Schumann
64.2%
Lindsey Richter
63.2%
Tammy Leitner
63.2%
Penny Ramsey
63.2%
Ghandia Johnson
63.2%
Chad Crittenden
63.2%
Zoe Zanidakis
62.3%
Stephanie Dill
62.3%
Tijuana Bradley
62.3%
Leann Slaby
62.3%
Willard Smith
62.3%
Clarence Black
61.3%
Peter Harkey
61.3%
Shawna Mitchell
61.3%
Ashlee Ashby
61.3%
Erin Collins
60.4%
Ibrehem Rahman
60.4%
Angie Jakusz
60.4%
Amy O'Hara
60.4%
Silas Gaither
59.4%
Trish Dunn
59.4%
Rory Freeman
59.4%
Jolanda Jones
59.4%
Ken Stafford
58.5%
Jeanne Hebert
58.5%
Brook Geraghty
58.5%
Hunter Ellis
57.5%
Carl Bilancione
56.6%
Joanna Ward
56.6%
Misty Giles
56.6%
Melinda Hyder
56.6%
Lisa Keiffer
55.7%
Diane Ogden
54.7%
Janet Koth
54.7%
Dolly Neely
54.7%
Linda Spencer
52.8%
Travis 'Bubba' Sampson
52.8%
Ruth Marie Milliman
52.8%
Morgan McDevitt
51.9%
Jessie Camacho
50.9%
Mia Galeotalanza
50.9%
Patricia Jackson
50%
Gina Crews
49.1%
Tanya Vance
49.1%
Gabriel Cade
48.1%
Jed Hildebrand
48.1%
Blake Towsley
48.1%
Brianna Varela
48.1%
Brooke Struck
47.2%
Brady Finta
46.2%
Margaret Bobonich
44.3%
John Palyok
43.4%
Tina Scheer
34%
Quiz Playlist
Details
Report
Send in Message
Add To Playlist
More Info:
Name every survivor from the first 12 seasons.
Classic:
Type in answers that appear in a list
Last Updated: Feb 16, 2017
Quiz Scoreboard
CHALLENGE
Sign Up to Join the Scoreboard
Show All
Scores
Hide
Comments
May contain spoilers
Recently Published
Colored Red Africa Blitz
by spor1
Geography
30s
Find the 'City' Movie
by crazypaving
Movies
60s
5x2 Blitz: Bands
by SL_Kpop136
Music
30s
More to Explore
Quiz From the Vault
Featured Blog Post
14 Easter Pick-up Lines to Find Eggs With
hide this ad
You Might Also Like...
Tags
season
Survivor
Version
Today's Top Quizzes in Television
Browse Television
hide this ad
Today's Top Quizzes in Version
Browse Version
Top Contributed Quizzes in Television
1
Survivor Journey Challenge
2
Brooklyn Nine Nine Logic Puzzle (How-To-Play)
3
Total Drama Characters
4
Phoebe Buffay Quotes
5
Survivor Trivia
6
Survivor Logic Puzzle: Heroes vs. Villains
7
Emmerdale Characters (from August 2012)
8
One Tree Hill Logic Puzzle
9
Adjectives in 00s TV Shows
10
All US Survivor Seasons in Order
Explore More
Trending Topics
Crossword
Marvel
Harry Potter
NBA
Kpop
Disney
Anime
The Office
Song
WWE
Country
Pokémon
Soccer
NFL
Puzzle
hide this ad
More By:
JoeyJoeJoe
Quiz
Plays
Rating
Category
Featured
Created
Counties of Montana
861
5.00
Geography
May 10, 2010
Survivors From the First 12 Seasons
106
Television
Mar 13, 2010
Alabama State Senate
14
History
Nov 7, 2010
Go to Creator's Profile
Score Distribution
Quiz Creator Spotlight
JoeyJoeJoe
Follow
Send a Message
Quizzes Created
-
Created Quiz Play Count
-
More By This Creator
Popular Quizzes Today
1
Colored Red Africa Blitz
2
Find the 'City' Movie
3
5x2 Blitz: Bands
4
Find the US States - No Outlines Minefield
5
The Countries of the World
6
Find the US States
7
US States
8
Find the Countries of Europe - No Outlines Minefield
More Television Quizzes
Family Guy Characters A-C Crossword
Quiz Lab
Trending Quizzes
Colored Red Europe Blitz I
Colored Red Europe Blitz II
Colored Red Africa Blitz II
Colored Red Europe Blitz III
Colored Red Africa Blitz III
Recently Updated
How Do You Spell That?
pecheneg
Godzilla Movies
pecheneg
Grab Bag: 4-10 Letters
pecheneg
2024 March Madness Bracket
pecheneg
Famous TV Couples
Peacemaker
Champions League XIs: Real Madrid
pecheneg
Largest US Cities 1790-2010
pecheneg
Rides in Walt Disney World
pecheneg
Most Oscar Losses (Acting)
pecheneg
Beyoncé Albums
pecheneg
Trending Topics
Anime
Disney
Kpop
Harry Potter
Crossword
NBA
Marvel
Puzzle
WWE
Song
Soccer
Pokémon
NFL
Country
The Office
Your Account Isn't Verified!
In order to create a playlist on Sporcle, you need to verify the email address you used during registration. Go to your
Sporcle Settings
to finish the process.
Report this User
Report this user for behavior that violates our
Community Guidelines
.
Details:
Send Report
Go to the Sporcle.com Mobile Site →
Comments